Culture Générale - Série 2322 - Statistiques

Statistiques générales
  • Ce quiz a été pris 167 fois
  • Le résultat moyen est 7 sur 10
Statistiques - réponses
Question Réponse % Correct
Quelle planète surnomme-t-on "la planète rouge" ? Mars
99%
Quel pays dans le monde a la plus grande superficie ? Russie
98%
Combien de côtés a un pentagone ? 5
95%
Quel instrument est le symbole de la Justice ? balance
87%
Comment s'appelle le stade de football de Marseille ? stade Vélodrome
83%
Quel astre est appelé communément "L'étoile du berger" ? Vénus
72%
Que devient le vilain petit canard à la fin du conte d'Andersen ? cygne
65%
Qui était surnommé "L'empereur à la barbe fleurie" ? Charlemagne
62%
Quel est le prénom du patron du bar le "Mistral" dans le feuilleton télévisé "Plus belle la vie" ? Roland
24%
Quelle danse du sud de l'Italie était réputée pour guérir les morsures d'une araignée - d'où son nom ? voir photo tarentelle
15%
Aucun quiz correspondant
Distribution des résultats
% des personnes avec chaque résultat
Percentile par nombre de réponses
Votre historique - résultats
Vous n’avez pas pris ce quiz